| 000 | 00413nam a22001697a 4500 | ||
|---|---|---|---|
| 003 | 0 | ||
| 005 | 20220114142140.0 | ||
| 008 | 0 | ||
| 020 | _a9712305058 | ||
| 040 | _c0 | ||
| 050 |
_aTX354 _b.D127 1989 |
||
| 100 | _aDagoon,Jesse D. | ||
| 245 |
_aApplied nutrition and food technology _cJesse D. Dagoon |
||
| 260 |
_aManila: _bRex Booksstore; _cc1989. |
||
| 300 |
_aVii516pages: _bwith Illustration; |
||
| 942 |
_2lcc _cF |
||
| 999 |
_c2458 _d2458 |
||